000
00280nam a2200109Ia 4500
008
200302s9999 xx 000 0 und d
100
_a
Mrs. Sharada Gupta & Other
245
_a
Gardening with Care & Creativity
260
_b
Omkar Offset Printers
260
_c
1998
300
_a
80 P.,
999
_c
1060
_d
1060